Sports Quiz

Random Sports or Soccer Quiz
Score 0/16 Timer 05:00
0 Plays Today
Question Answer % Correct
The 'Old Firm' derby in Glasgow, Scotland, is played between Rangers and which other club?Celtic
100%
... and this team, in green and white, won the European Cup back in 1967, the only Scottish team to do so. They beat which Italian giants in Lisbon?Internazionale
93%
Who's the missing manager in this Manchester United sequence? Dave Sexton, Ron Atikinson, ____ _______Alex Ferguson
90.9%
... but this was an award never won by the Liverpool legend, seen above, despite his Ballon d'Or runner-up in 1983 and three European CupsKenny Dalglish
90.3%
... and impressively, Glasgow clubs have won 85 out of the 134 Scottish Cups. Which Edinburgh outfit, who play at Tynecastle, are the most successful otherwise?Heart of Midlothian
89.8%
What's their shared first name? Caldwell, O'Connor, McAllisterGary
80.6%
... and until recently they were managed by which former Northern Ireland international, who has since made a spectacular return to his former club back in Glasgow?Neil Lennon
80.1%
Heading back to the blue half of the city, name the prolific forward synonymous with the Gers during their 9-titles-in-a-row era, seen aboveAlly McCoist
77.4%
Question Answer % Correct
And finally... Scotland is one of the few countries to have two cities to have two teams reach the European Cup/Champions League semi-finals. Glasgow is one. What's the other?Dundee (home to Dundee and Dundee United)
75.8%
... and the year before that he was PFA Scottish Player of the Year. But can you name the last Englishman to win it? This winger played for Swansea, Manchester City and Aston VillaScott Sinclair
62.9%
... he later had an ill-fated spell as manager at Ibrox. Whom did he replace - as he left his second successfull spell in charge - in 2011 in the hotseat?Walter Smith
62.4%
... and their city rivals, Hibernian, play at which stadium across town in Leith, seen above?Easter Road
58.6%
... where he bosses, among others, a former Hibs and Wolves forward, who famously scored two free-kicks for Scotland against England in 2017Leigh Griffiths
55.9%
Whose career? Livingston, (Stirling Albion), Leeds United, Norwich City, Hull City, West Ham United, (Aston Villa)... and Scotland?Robert Snodgrass
54.3%
... and that manager led the Teddy Bears to the 1992 Scottish Cup title, beating which lower-league giant-killers in the final? Their logo is seen aboveAirdrieonians
49.5%
... and amazingly, all of the victorious team were born within 10 miles of their team's home ground. But which legendary defender was captain that day for the victors?Billy McNeill
37.6%

You're not logged in!

Compare scores with friends on all Sporcle quizzes.
OR
Log In

Sporcle TV

Today on Sporcle TV


Watch our educational content, quiz creation guides, and fun videos on Sporcle TV.

Show Comments

Extras

Created Sep 9, 2019ReportNominate
Tags:Football Quiz, Soccer Quiz

Top Quizzes Today


Score Distribution

Paid Content

Your Account Isn't Verified!

In order to create a playlist on Sporcle, you need to verify the email address you used during registration. Go to your Sporcle Settings to finish the process.

Report this User

Report this user for behavior that violates our Community Guidelines.

Details: